Vékonyító algoritmusok 3-dimenzióban

Elmentve itt :
Bibliográfiai részletek
Szerző: Ranga Tamás
További közreműködők: Palágyi Kálmán (Témavezető)
Dokumentumtípus: Szakdolgozat
Megjelent: 2001
Tárgyszavak:
Online Access:http://diploma.bibl.u-szeged.hu/2154
LEADER 00782nta a2200181 i 4500
001 dipl2154
005 20130314071052.0
008 101117s2001 hu om 0|| hun d
040 |a SZTE Diploma Repozitórium  |b hun 
041 |a hun 
100 1 |a Ranga Tamás 
245 1 0 |a Vékonyító algoritmusok 3-dimenzióban  |h [elektronikus dokumentum] /  |c Tamás Ranga 
260 |c 2001 
650 4 |a Informatika 
700 1 |a Palágyi Kálmán  |e ths 
856 4 0 |u http://diploma.bibl.u-szeged.hu/id/eprint/2154/1/2001__ranga_tamas_01_143.pdf  |z Dokumentum-elérés  
856 4 0 |u http://diploma.bibl.u-szeged.hu/id/eprint/2154/2/2001__ranga_tamas_01_143_biralat.pdf  |z Dokumentum-elérés  
856 4 0 |u http://diploma.bibl.u-szeged.hu/id/eprint/2154/3/2001_ranga_tamas_01_143_melleklet.tar.gz  |z Dokumentum-elérés